Querer decir y entender: fundamentos para una semántica psicológica

Guardat en:
Dades bibliogràfiques
Autor principal: Hörmann, Hans (Autor)
Format: Llibre
Idioma:espanyol
Publicat: Madrid Gredos 1982
Col·lecció:Biblioteca Románica Hispánica. Estudios y Ensayos, 319
Matèries:
Etiquetes: Afegir etiqueta
Sense etiquetes, Sigues el primer a etiquetar aquest registre!

MARC

LEADER 00000nam a2200000 a 4500
001 UCQ7604
003 CL-VaPUC
008 981113e19820000SP |||||||||||||||||spa|d
082 0 4 |a 401.9  |b HOR  |2 21 
100 |a Hörmann, Hans  |e author  |9 421373 
245 1 0 |a Querer decir y entender: fundamentos para una semántica psicológica 
300 |a 674 p 
942 |c BK 
945 |d 19981113 00:00:00  |a crobeson 
260 |a Madrid  |b Gredos  |c 1982 
650 0 |a Psicolingüística   |9 283371 
650 0 |a Filosofía del lenguaje  |9 257082 
650 0 |a Lenguaje   |9 265069 
650 0 |a Lingüística  |9 265068 
650 0 |a Comunicación   |9 257251 
650 0 |a Psicología cognitiva   |9 306250 
583 |a last modification  |c 19981113 00:00:00  |k Rodrigo Vera 
490 0 |a Biblioteca Románica Hispánica. Estudios y Ensayos, 319 
999 |c 277132  |d 277130 
952 |0 0  |1 0  |4 0  |6 401_900000000000000_HOR_1982  |7 0  |8 A  |9 314880  |a FDOPOS  |b FDOPOS  |d 2019-11-20  |i 1493590  |o 401.9 HOR 1982  |p 1493590  |r 2025-01-22  |w 2019-11-20  |y BK  |k MLA 
952 |0 0  |1 0  |4 0  |6 401_900000000000000_HOR_1982  |7 0  |8 A  |9 314881  |a FDOPOS  |b FDOPOS  |d 2019-11-20  |i 1493604  |o 401.9 HOR 1982  |p 1493604  |r 2025-01-22  |w 2019-11-20  |y BK  |k MLA